Statistics for Biggest Cities in Kyrgyzstan

Click here to take the quiz!

General Stats

  • This quiz has been taken 53 times
  • The average score is 4 of 10

Answer Stats

Population City % Correct
937,400Bishkek
100%
255,900Osh
83%
97,172Jalal-Abad
63%
67,100Karakol
60%
34,822Naryn
43%
53,231Tokmok
35%
37,834Kara-Balta
23%
49,410Uzgen
15%
42,380Balykchy
10%
31,727Kyzyl-Kiya
10%

Score Distribution

Percentile by Number Answered

Percent of People with Each Score

Your Score History

You have not taken this quiz